000 00766nam a2200217 a 4500
001 000025939
005 20250701104719.0
008 110217s2001 mx r 000 | spa d
020 _a9687947020
040 _aDO-SdBNP
_bspa
_cBNPHU
082 _a615.532
_bG548h
100 1 _aGlascoe, Chistine Alysse Von ,
_952802
245 1 3 _aLa homeopatía como nueva respuesta a la salud pública en Baja California /
_cChistine Alysse Von Glascoe; cuidado de la edición Juan de Dios barajas Cárdenas.
260 _aTijuana :
_bEl Colegio de la Frontera Norte,
_c2001.
300 _a340 p. ;
_c21 cm.
504 _aBibliografía : p. 315-336
650 4 _aHomeopatía
_949008
650 0 _aSalud pública
_956565
650 4 _aAsistencia pública
_916078
049 _aBNGR
999 _c25431
_d25431